00633nam a2200205Ia 4500008004100000050001200041050001500053100003000068245011200098245003000210260003100240260001000271260001000281300001500291300002000306300001100326500005600337521001500393999001900408170504s9999 xx 000 0 und d aBF 723  b.D376 2016 aDemesa, Dominic Martin R. aLevels of self-esteem and interpersonal relations of selected obese adolescents living in Las Piñas city/ cDominic Martin R. Demesa. aLas Piñas, Philippines : bSISC, c2016. a84 pages : billustrations ; c28 cm. aIncludes bibliographical references and appendices. aPsychology c329822d329822